Central Library OPAC University of Rajshahi

Classical mechanics / (Record no. 8277)

MARC details
000 -LEADER
fixed length control field 00704cam a2200229I 4500
001 - CONTROL NUMBER
control field 8277
003 - CONTROL NUMBER IDENTIFIER
rucl marc code BD-RjUL
005 - DATE AND TIME OF LATEST TRANSACTION
control field 20211208234545.0
008 - FIXED-LENGTH DATA ELEMENTS--GENERAL INFORMATION
fixed length control field 140118r1957 maua b 00100 eng
035 ## - SYSTEM CONTROL NUMBER
System control number (BD-RjUL)8322
040 ## - CATALOGING SOURCE
Original cataloging agency DLC
Transcribing agency URB
Modifying agency OCL
-- m.c.
-- SER
-- BOS
-- BD-RjUL
Language of cataloging eng
041 ## - LANGUAGE CODE
Language code of text/sound track or separate title eng
082 ## - DEWEY DECIMAL CLASSIFICATION NUMBER
Edition number 19
Classification number 531
Author mark and year GOC 1957
090 ## - LOCALLY ASSIGNED LC-TYPE CALL NUMBER (OCLC); LOCAL CALL NUMBER (OCLC)
Classification number (OCLC) (R) ; Classification number, CALL (RLIN) (NR) QA805
Local cutter number (OCLC) ; Book number/undivided call number, CALL (RLIN) .F501
100 1# - MAIN ENTRY--PERSONAL NAME
Personal name Goldstein, Herbert,
Dates associated with a name 1922-
9 (RLIN) 25817
245 10 - TITLE STATEMENT
Title Classical mechanics /
Statement of responsibility, etc. Herbert Goldstein
260 ## - PUBLICATION, DISTRIBUTION, ETC. (IMPRINT)
Place of publication, distribution, etc. Cambridge, Mass. :
Name of publisher, distributor, etc. Addison-Wesley Press,
Date of publication, distribution, etc. c1950 [ printing 1959].
300 ## - PHYSICAL DESCRIPTION
Pagination xii, 399 p. :
Illustrations ill. ;
Size 23 cm.
504 ## - BIBLIOGRAPHY, ETC. NOTE
Bibliography, etc Bibliography: p. 373-376. and index.
650 #0 - SUBJECT ADDED ENTRY--TOPICAL TERM
Topical term or geographic name as entry element Mechanics, Analytic.
9 (RLIN) 21040
942 ## - ADDED ENTRY ELEMENTS (KOHA)
Source of classification or shelving scheme Dewey Decimal Classification
Koha item type Books
Holdings
Lost status Source of classification or shelving scheme Damaged status Not for loan Collection code Permanent Location Current Location Date acquired Source of acquisition Total Checkouts Full call number Date last seen Copy number Koha item type Shelving location Date checked out Cost, normal purchase price
  Dewey Decimal Classification     Non-fiction Central Library, University of Rajshahi Central Library, University of Rajshahi 10/04/1967 U.S.A   531 GOC 1957 18/01/2014 C-4 Books      
  Dewey Decimal Classification     Non-fiction Central Library, University of Rajshahi Central Library, University of Rajshahi 09/11/1973 U.S. Govt.   531 GOC 1965 20/01/2014 C-3 Books      
  Dewey Decimal Classification     Non-fiction Central Library, University of Rajshahi Central Library, University of Rajshahi 10/04/1967 U.S.A. 6 531 GOC 1959 17/10/2017 C-2 Books   03/10/2017  
  Dewey Decimal Classification   Not For Loan Non-fiction Central Library, University of Rajshahi Central Library, University of Rajshahi 09/02/1963 Zeitlinger   531 GOC 1959 08/05/2017 C-1 Books Reading Room   81.00
  Dewey Decimal Classification     Non-fiction Central Library, University of Rajshahi Central Library, University of Rajshahi 09/03/1963 Zeitlinger   531 GOC 1959 08/05/2017 C-5 Books     81.00
  Dewey Decimal Classification     Non-fiction Central Library, University of Rajshahi Central Library, University of Rajshahi 09/03/1963 Zeitlinger   531 GOC 1959 08/05/2017 C-6 Books     81.00
  Dewey Decimal Classification     Non-fiction Central Library, University of Rajshahi Central Library, University of Rajshahi 09/02/1963 Zeitlinger   531 GOC 1959 08/05/2017 C-7 Books     81.00
  Dewey Decimal Classification     Non-fiction Central Library, University of Rajshahi Central Library, University of Rajshahi 09/02/1963 Zeitlinger   531 GOC 1959 08/05/2017 C-8 Books     81.00
  Dewey Decimal Classification     Non-fiction Central Library, University of Rajshahi Central Library, University of Rajshahi 09/02/1963 Zeitlinger   531 GOC 1959 08/05/2017 C-9 Books     81.00
  Dewey Decimal Classification     Non-fiction Central Library, University of Rajshahi Central Library, University of Rajshahi 09/02/1963 Zeitlinger   531 GOC 1964 08/05/2017 C-10 Books     81.00